Kovové povlaky. STN 03 8517. ISO 4522-2 : Skúšobné metódy pre elektrolyticky vylúčené povlaky striebra a jeho zliatin. 2. časť: Skúška priľnavosti. November 1995

Saved in:
Bibliographic Details
Format: Book
Language:Czech
Published: Bratislava : Slovenský ústav technickej normalizácie, 1995
Subjects:
Tags: Add Tag
No Tags, Be the first to tag this record!

MARC

LEADER 00000nam a22000003a 4500
001 stu81970
005 20150408161516.0
008 031001s1995----xo------------------cze-d
040 |a STU  |b slo 
041 0 |a cze 
044 |a xo 
080 |a 669.228.7:620.179.4 
245 |a Kovové povlaky. STN 03 8517. ISO 4522-2 :  |b Skúšobné metódy pre elektrolyticky vylúčené povlaky striebra a jeho zliatin. 2. časť: Skúška priľnavosti. November 1995 
260 |a Bratislava :  |b Slovenský ústav technickej normalizácie,  |c 1995 
300 |a 8 s 
650 7 |a povlaky kovové  |2 stusub 
996 |b 284M057896  |c M*N-860-1  |l MMKN  |s A  |a 24  |w stu81970_0001